|
|
|
|
| LEADER |
00000cab a2200000 a 4500 |
| 001 |
036106 |
| 003 |
UAHC_CL |
| 005 |
20190924120339.0 |
| 008 |
140729b2019 cl 000 spa |
| 952 |
|
|
|0 0
|1 0
|2 ddc
|4 0
|6 PAULO_FREIRE21_19_000000000000000
|7 0
|8 COMP
|9 92844
|a BC
|b BC
|c General
|d 2019-09-24
|l 0
|o PAULO FREIRE-21/19
|r 2019-09-24 00:00:00
|w 2019-09-24
|y REVA
|
| 999 |
|
|
|c 52713
|d 52713
|
| 040 |
|
|
|a UAHC_CL
|c UAHC_CL
|d UAHC_CL
|
| 100 |
|
|
|a Brasó, Jordi
|9 9397
|
| 245 |
1 |
3 |
|a Integrismo religioso y nacional en España :
|c Jordi Brasó, Xavier Torrebadella.
|b el ataque contra las escuelas laicas de andrés Manjón (1910)
|
| 260 |
|
|
|a Santiago, Chile:
|b Universidad Academia de Humanismo Cristiano,
|c 2019.
|
| 300 |
|
|
|a p. 186-213
|
| 500 |
|
|
|a En: Paulo Freire, revista de pedagogía crítica, No. 21, 2019. pp. 186-213. ISSN 07179065. (Versión Impresa) 07178019 (Versión en línea)
|
| 520 |
|
|
|a En la España de principios del siglo XX la posición ideológica del padre Andrés Manjón contra las escuelas laicas desencadenó una persecución a toda idea de renovación pedagógica. Aprovechando el análisis de contenido de la obra Las escuelas laicas (1910) introducimos las posiciones divergentes de un debate ideológico entre las “Dos Españas”, por un lado, la izquierda liberal, laica, renovadora y europeísta y, por el otro, la derecha conservadora, católica, tradicional y españolizante. A través de un análisis crítico de discurso histórico, destacamos que esta disertación contra las escuelas laicas sirvió para solidificar una posición integrista católica y nacional; una mentalidad ortodoxa que aún es salvaguardada por la derecha española y que es utilizada como dispositivo para defender la unidad territorial del Estado.
|
| 650 |
|
0 |
|9 416
|a Educación superior
|
| 653 |
|
|
|a Integrismo religioso
|
| 653 |
|
|
|a Historia de la educación
|
| 653 |
|
|
|a Escuelas laicas
|
| 653 |
|
|
|a Escuelas católicas
|
| 700 |
|
|
|9 9399
|a Torrebedella, Xavier
|
| 773 |
0 |
|
|t Paulo Freire : revista de pedagogía crítica
|w 035937
|
| 856 |
|
|
|u http://revistas.academia.cl/index.php/pfr/article/view/1184/1303
|y Disponible en línea (PDF). Biblioteca Digital UAHC
|
| 900 |
|
|
|a PAULO FREIRE-21/19
|
| 942 |
|
|
|c REVA
|2 ddc
|